| 000 | 00530nam a2200193 i 4500 | ||
|---|---|---|---|
| 001 | bgj | ||
| 100 | 1 | _aLONGSTREET, Stephen. | |
| 245 | 1 | 0 |
_aAll or nothing : _ba novel of San Francisco / _cStephen Longstreet. |
| 260 |
_aNew York : _bG. P. Putnam's Sons, _ccop. 1983. |
||
| 300 |
_a288 pp ; _c24 cm. |
||
| 650 | 9 |
_aFiction in English _aAmerican fiction |
|
| 655 | _aFiction | ||
| 020 | _a0399127747 | ||
| 040 | _cBPK | ||
| 041 | 0 | _aeng | |
| 920 | _a0-399-12774-7 | ||
| 942 | _cKS | ||
| 008 | s uk f |000 0 eng | ||
| 999 |
_c47452 _d47452 |
||